<?xml version="1.0" encoding="UTF-8"?><?xml-stylesheet type="text/xsl" href="static/style.xsl"?><OAI-PMH xmlns="http://www.openarchives.org/OAI/2.0/" xmlns:xsi="http://www.w3.org/2001/XMLSchema-instance" xsi:schemaLocation="http://www.openarchives.org/OAI/2.0/ http://www.openarchives.org/OAI/2.0/OAI-PMH.xsd"><responseDate>2026-06-29T02:06:30Z</responseDate><request verb="GetRecord" identifier="oai:docta.ucm.es:20.500.14352/119771" metadataPrefix="marc">https://docta.ucm.es/rest/oai/request</request><GetRecord><record><header><identifier>oai:docta.ucm.es:20.500.14352/119771</identifier><datestamp>2025-04-29T23:56:25Z</datestamp><setSpec>com_20.500.14352_14</setSpec><setSpec>col_20.500.14352_15</setSpec></header><metadata><record xmlns="http://www.loc.gov/MARC21/slim" xmlns:dcterms="http://purl.org/dc/terms/" xmlns:xsi="http://www.w3.org/2001/XMLSchema-instance" xmlns:doc="http://www.lyncode.com/xoai" xsi:schemaLocation="http://www.loc.gov/MARC21/slim http://www.loc.gov/standards/marcxml/schema/MARC21slim.xsd">
   <leader>00925njm 22002777a 4500</leader>
   <datafield ind2=" " ind1=" " tag="042">
      <subfield code="a">dc</subfield>
   </datafield>
   <datafield ind2=" " ind1=" " tag="720">
      <subfield code="a">Bueno Fermoso, Rebeca</subfield>
      <subfield code="e">author</subfield>
   </datafield>
   <datafield ind2=" " ind1=" " tag="720">
      <subfield code="a">Morales Lozano, María Rosario</subfield>
      <subfield code="e">author</subfield>
   </datafield>
   <datafield ind2=" " ind1=" " tag="720">
      <subfield code="a">Nieto Cordero, Marta</subfield>
      <subfield code="e">author</subfield>
   </datafield>
   <datafield ind2=" " ind1=" " tag="720">
      <subfield code="a">Martínez Rincón, María Del Carmen</subfield>
      <subfield code="e">author</subfield>
   </datafield>
   <datafield ind2=" " ind1=" " tag="720">
      <subfield code="a">García Fernández, Pablo</subfield>
      <subfield code="e">author</subfield>
   </datafield>
   <datafield ind2=" " ind1=" " tag="720">
      <subfield code="a">González Fernández, María Luz</subfield>
      <subfield code="e">author</subfield>
   </datafield>
   <datafield ind2=" " ind1=" " tag="260">
      <subfield code="c">2024-05-14</subfield>
   </datafield>
   <datafield ind2=" " ind1=" " tag="520">
      <subfield code="a">Abstract
Objectives: Metatarsalgia continues to be a problem in patients with rheumatoid arthritis (RA) in remission (remRA), as well as in the non-rheumatic population, with a mechanical origin. Identify and compare clinical, morphological, disability, synovitis (ultrasound), and radiological osteoarticular damage characteristics in two groups of patients with lesser-ray metar-tarsalgia, with remRA, and without RA. Methods: Cross-sectional study with 84 patients with remRA (mRA) and 60 patients without RA (nmRA). The study evaluated five clinical variables (pain, Foot Function Index (FFI), joint mobility, digital deformities, and foot type), a radiological variable (osteoarticular damage), and an ultrasound variable (metatarsal synovitis). The data were analysed using descriptive and correlational techniques. Results: There were no significant differences in sex, age, body mass index (BMI), or degree of pain. Both groups showed a high prevalence of limited joint mobility for the ankle and first metatarsal phalanx (DF1st MTPJ) and digital deformities, with no statistically significant differences. Similarly, there were no differences in lesser-ray synovitis. On the other hand, there were differences in mRA with greater disability and activity limitation (FFI), LDD (lesser-ray digital deformities) stiffness, first-ray deformities, radiological damage, synovitis in 1st MTPJ, and positive Doppler (five patients). Conclusions: Metatarsalgia presents similarities in both populations. Biomechanical factors may influence the symptoms and presence of synovitis in patients with RA in remission. Other characteristics are more frequent in mRA, which could be related to the disease; thus, future research should include both biomechanical and ultrasound exploration of the foot in the valuation of patients in remission.</subfield>
   </datafield>
   <datafield ind1="8" ind2=" " tag="024">
      <subfield code="a">Bueno Fermoso, R., Morales Lozano, M. R., Nieto Cordero, M., Martínez Rincón, C., García-Fernández, P., &amp; González Fernández, M. L. (2024). Differences and Similarities in the Feet of Metatarsalgia Patients with and without Rheumatoid Arthritis in Remission. Journal of Clinical Medicine, 13(10). https://doi.org/10.3390/JCM13102881</subfield>
   </datafield>
   <datafield ind1="8" ind2=" " tag="024">
      <subfield code="a">2077-0383</subfield>
   </datafield>
   <datafield ind1="8" ind2=" " tag="024">
      <subfield code="a">10.3390/jcm13102881</subfield>
   </datafield>
   <datafield ind1="8" ind2=" " tag="024">
      <subfield code="a">https://hdl.handle.net/20.500.14352/119771</subfield>
   </datafield>
   <datafield ind1="8" ind2=" " tag="024">
      <subfield code="a">https://doi.org/10.3390/jcm13102881</subfield>
   </datafield>
   <datafield ind1="8" ind2=" " tag="024">
      <subfield code="a">https://www.mdpi.com/2077-0383/13/10/2881</subfield>
   </datafield>
   <datafield ind2="0" ind1="0" tag="245">
      <subfield code="a">Differences and Similarities in the Feet of Metatarsalgia Patients with and without Rheumatoid Arthritis in Remission</subfield>
   </datafield>
</record></metadata></record></GetRecord></OAI-PMH>